Lana Del Rey- Not All Who Wander Are Lost (All Lyrics) - Statistics

General Stats
  • This quiz has been taken 48 times
  • The average score is 209 of 285
Answer Stats
Lyrics % Correct
I
97%
a
94%
all
91%
All
91%
are
91%
lost
91%
no
91%
wander
91%
wander,
91%
who
91%
Not
89%
the
86%
The
86%
those
86%
you
83%
You
83%
for
80%
been
77%
bein'
77%
do,
77%
do
77%
It
77%
your
77%
just
74%
on
74%
damn
71%
days
71%
I've
71%
like
71%
me
71%
me,
71%
same
71%
say
71%
to
71%
about
69%
About
69%
clothes
69%
It's
69%
mean
69%
my
69%
three
69%
wearin'
69%
what
69%
got
66%
in
66%
is
66%
Is
66%
thing
66%
think
66%
As
63%
as
63%
at
63%
I'm
63%
know
63%
look
63%
Look
63%
men
63%
that
63%
will
63%
But
60%
name
60%
tattoo
60%
If
57%
of
57%
stay?
57%
talk
57%
God
54%
lot
54%
made
54%
wanderlust
54%
people
51%
things
51%
time
51%
'Cause
49%
said
49%
too
49%
'bout
46%
drink
46%
haze
46%
talkin'
46%
every
43%
much
43%
road
43%
seasons
43%
wasn't
43%
yourself
43%
meant
40%
pour
40%
up
40%
secrets
37%
Lincoln,
34%
old
34%
there's
34%
out
31%
pulling
31%
Pulling
31%
doors,
29%
Bible
26%
chairs,
23%
Opening
23%
opening
23%
Nebraska's
20%
No matching quizzes found
Score Distribution
Percent of People with Each Score
Percentile by Number Answered
Your Score History
You have not taken this quiz